000 00500nam a2200193Ia 4500
008 170705s9999 xx 000 0 und d
020 _a9780590262637
245 _aFirst-grade friends :
245 _bthe gym day winner /
245 _cGrace Maccarone ; illustrated by Betsy Lewin.
260 _aNew York :
260 _bScholastic,
260 _c1996
300 _aunpaged :
300 _bcolor illustration ;
300 _c23cm.
440 _aBeginning reader level 1.
500 _a230
999 _c336122
_d336122